000 00477nab a22001457 4500
003 ES-SlBCS
005 20240726170649.0
008 240726s2023 sp ||||| |||| 00| 0 spa d
040 _aES-SlBCS
_bspa
041 _aspa
100 1 _9109128
_aSchmid, Konrad
_d(1965-....)
245 1 0 _aCómo el hombre llegó a ser imagen y semejanza de Dios
_cKonrad Schmid
773 0 _gVol. 62, núm. 248, 2023, págs. 282-296
_tSelecciones de Teología
_wRev424
_x0037-119X
942 _2lcc
_cAR
999 _c897240
_d897240